Programa de los 20 aros: la práctica psicomotriz en el curriculum de educación infantil

में बचाया:
ग्रंथसूची विवरण
मुख्य लेखक: Castro, Leandro (लेखक)
स्वरूप: पुस्तक
भाषा:स्पेनिश
प्रकाशित: Madrid CEPE 1995
श्रृंखला:Colección Psicomotricidad y Educación, 4
विषय:
टैग: टैग जोड़ें
कोई टैग नहीं, इस रिकॉर्ड को टैग करने वाले पहले व्यक्ति बनें!

MARC

LEADER 00000nam a2200000 a 4500
001 UCQ1386
003 CL-VaPUC
008 980710e19950000SP |||||||||||||||||spa|d
082 0 4 |a 370.155  |b CAS  |2 21 
100 0 |a Castro, Leandro  |e author  |9 415142 
245 1 0 |a Programa de los 20 aros: la práctica psicomotriz en el curriculum de educación infantil 
300 |a 162 p 
942 |c BK 
945 |d 19980710 00:00:00  |a aalvarez 
260 |a Madrid  |b CEPE  |c 1995 
650 7 |a PSICOMOTRICIDAD  |2 CL-VaPUC  |9 241072 
650 0 |a Educación preescolar  |9 260381 
650 0 |a Currículo  |9 307290 
650 0 |a Trastornos del aprendizaje  |9 307969 
650 7 |a DESPLAZAMIENTOS  |2 CL-VaPUC  |9 415143 
650 7 |a MOTRICIDAD  |2 CL-VaPUC  |9 307419 
583 |a last modification  |c 19980710 00:00:00  |k Rodrigo Vera 
490 0 |a Colección Psicomotricidad y Educación, 4 
999 |c 272385  |d 272383 
952 |0 0  |1 0  |4 0  |6 370_155000000000000_CAS_1995  |7 0  |8 A  |9 307297  |a BIBEDU  |b BIBEDU  |d 2019-11-20  |i 3439720  |o 370.155 CAS 1995  |p 3439720  |r 2019-11-20  |w 2019-11-20  |y BK  |k BME 
952 |0 0  |1 0  |4 0  |6 370_155000000000000_CAS_1995  |7 0  |8 A  |9 307298  |a BIBEDU  |b BIBEDU  |d 2019-11-20  |i 3494985  |o 370.155 CAS 1995  |p 3494985  |r 2019-11-20  |w 2019-11-20  |y BK  |k BME